00373nam a2200121Ia 4500008004100000020002200041082001900063100002100082245009400103250001600197260002800213300001000241210430s9999 xx 000 0 und d a978-0-471-73580-9 a518.63 S 512 N aGranville Sewell 4aThe Numerical Solution of Ordinary and Partial Differential Equations /cGranville Sewell a2nd edition aNew JerseybWileyc2005 a333 p